| 000 | 00462nam a2200193Ia 4500 | ||
|---|---|---|---|
| 005 | 20250423095337.0 | ||
| 008 | 250422s9999 xx 000 0 und d | ||
| 020 | _a0-13-949090-6 | ||
| 050 | _aTJ2116.P54/ | ||
| 100 | _aCharles L. Pillips | ||
| 245 | 0 | _aFeedback Control Systems | |
| 250 | _aFourth Edition | ||
| 260 | _aNew Jersey | ||
| 260 | _bPrentice Hall | ||
| 260 | _c2000 | ||
| 300 | _a658 p | ||
| 650 | _aFeedback Control Systems | ||
| 942 | _cBK | ||
| 999 |
_c29991 _d29991 |
||